000 00432nam a2200181Ia 4500
001 12720
005 20260306163002.0
008 260306t1961||||xx |||||||||||||| ||spa||
041 _aESP
082 _aHR 720
_bN° 3 A&E
110 _aMcGraw-Hill Publication
245 0 _aWestern architect and engineer
260 _c1961
300 _a52 páginas :
_c30 cm.
650 _aGEN
654 _aCAU
942 _cREV
_dJUS
_fJUS
_2ddc
_n
999 _c12720
_d12720